Responses for Show #4089 - Thursday, May 16, 2002

Ben Tritle game 1.
First game in which runners-up are awarded cash prizes ($2,000 for 2nd place and $1,000 for 3rd place).

Contestants

Allison Owens, a teacher from Houston, Texas

Ben Tritle, an apartment manager from Los Angeles, California

Ronnie O'Rourke, a homemaker from Marietta, Georgia (whose 1-day cash winnings total $2,000)

[next game >>]

Jeopardy! Round responses

THE PRICE IS
WRITE
CON-CENTRATION
HARD SHARKS
MATCH GAME '73
MISSING LINKS
    $200 7
(Ben: What is manufacturer's standard retail price?)

manufacturer's suggested retail price

RonnieBen
    $200 14
crossword puzzles

Allison
    $200 1
Shell Game

Ronnie
    $200 24
(Ben: What are its teeth?)
(Allison: What are its gills?)

fins

BenAllison
Triple Stumper
    $200 6
Jack Nicklaus

Allison
    $200 19
hot

Ben
    $400 8
Wholesale

Ronnie
    $400 15
numbers

Allison
    $400 2
pyramid scheme

Ronnie
    $400 25
whale shark

Ronnie
    $400 10
Miami Dolphins

Ronnie
    $400 20
wolf

Ronnie
    $600 9
(Ronnie: What is to turn back?)

roll back

RonnieBen
    $600 16
Green Eggs and Ham

Allison
    $600 3
pigeon drop

Triple Stumper
    $600 26
(Allison: What's a tiger shark?)

hammerhead

RonnieAllison
    $600 11
UCLA

Ronnie
    $600 21
40

Allison
    $800 12
rock bottom

Ronnie
    $800 17
(James) Patterson

Allison
    $800 4
art forger

Ronnie
    $800 27
liver

Ronnie
    $800 29
University of Alabama

Ronnie
    $800 22
(Ben: What is chariots?)

line

RonnieBen
    $1,500 13
sticker shock

Ronnie
    $1000 18
(Ronnie: Who are Stephen King and...)
[Applause for Allison's run of the category]

King & Straub

RonnieAllison
    $1000 5
Dewey, Cheatem & Howe

Ben
    $1000 28
mako

Triple Stumper
    $1000 30
the Oakland A's

Allison
    $1000 23
twist

Ronnie

Scores at the first commercial break (after clue 14):

Ronnie Ben Allison
$4,700 $1,400 $400

Scores at the end of the Jeopardy! Round:

Ronnie Ben Allison
$8,500 $600 $4,000

Double Jeopardy! Round responses

MR. PRIME MINISTER
(Alex: You have to identify the country most closely associated with the prime minister we will name.)
COLLEGE COLLAGE
BILL MURRAY MOVIE QUOTES
(Alex: We want you to name the film.)
DOCTORS
NAMES ON THE MAP
"CHECK" MATE
    $400 22
Israel

Allison
    $400 18
fraternities

Ronnie
    $400 1
Groundhog Day

Ronnie
    $400 16
Hippocrates

Ronnie
    $400 7
Washington

Ronnie
    $400 6
Checkout

Ben
    $800 26
(Allison: What is France?)

Canada

RonnieAllison
    $800 23
(Alex: [*]; the Trojans, yes.)

USC

Allison
    $800 2
Ghostbusters

Ronnie
    $800 17
Pavlov

Allison
    $800 9
St. Petersburg

Ben
    $800 8
rain check

Allison
    $1200 27
Poland

Allison
    $6,000 24
(Alex: Easy one.)

blue & gray

Allison
    $1,000 3
Caddyshack

Ronnie
    $1200 19
(Michael) Crichton

Ronnie
    $1200 13
Lake Victoria

Ronnie
    $1200 10
Chubby Checker

Ronnie
    $1600 29
Greece

Ben
    $1600 25
Stanford

Ben
    $1600 4
Stripes

Allison
    $1600 20
Roger Bannister

Triple Stumper
    $1600 14
Solomon Islands

Ronnie
    $1600 11
checkpoint

Ben
    $2000 30
France

Triple Stumper
    $2000 28
West Point

Allison
    $2000 5
Tootsie

Ronnie
    $2000 21
(Ben: Who is Dr. Spock?)

Joycelyn Elders

Ben
Triple Stumper
    $2000 15
(Allison: Who is um, um, wa, Waddell?)

Ross

Allison
Triple Stumper
    $2000 12
checkered flag

Allison

Scores at the end of the Double Jeopardy! Round:

Ronnie Ben Allison
$19,900 $4,600 $16,800

[wagering suggestions for these scores]

Final Jeopardy! Round responses

MILITARY UNITS
BenWhat is the Swiss Guard?
$2,000
AllisonWhat are Vact Vatican Guards?
$15,000
RonnieWhat is a cent?
$13,700
Swiss Guard

Final scores:

Ronnie Ben Allison
$6,200 $6,600 $1,800
2nd place: $2,000 New champion: $6,600 3rd place: $1,000

Game dynamics:

Coryat scores:

Ronnie Ben Allison
$19,600 $4,600 $12,000
28 R
(including 2 DDs),
2 W
8 R,
4 W
17 R
(including 1 DD),
4 W

Combined Coryat: $36,200

[game clues] [game scores] [suggest correction]

Game tape date: 2002-01-29
The J! Archive is created by fans, for fans. Scraping, republication, monetization, and malicious use prohibited; this site may use cookies and collect identifying information. See terms. The Jeopardy! game show and all elements thereof, including but not limited to copyright and trademark thereto, are the property of Jeopardy Productions, Inc. and are protected under law. This website is not affiliated with, sponsored by, or operated by Jeopardy Productions, Inc. Join the discussion at JBoard.tv.